00789nam a2200253 a 4500001001300000003000900013005001700022008004100039020000900080082001500089100002600104245006900130260004700199300000900246500003500255505002000290650002400310650001700334700002600351902000800377942000700385952012600392999001700518nice12345678IN_TiNIC20260116013405.0050524s1992 mada grp 000 0 eng  ac5000a291.4bFRA aFrancis, T Dayanandan aChristian Bhakti of A. J. Appasamyb Collection of His Writings. aMadrasbChristian Literature Societyc1992 a349p aincludes index and biblioraphy2 aGlossary, Index aBhakti-Christianity aAppasamy A.J1 aFrancis, T Dayanandan bSRS cBK 001040708StackRoom-aHMIbHMId2007-07-19g50.00l2o291.4 FRAp017363r2018-09-12s2018-09-11v50.00w2005-05-24yBK c10822d10822